Mr. Rogers' Neighborhood Song Quiz Stats

 Plays Quiz Updated Feb 11, 2021

Support Sporcle.
Go Orange.
Score 0/105 Timer 06:00
0 Plays Today
% Correct
a
97.8%
a
97.8%
a
97.8%
a
97.8%
a
97.8%
a
97.8%
a
97.8%
a
97.8%
the
97.8%
I
95.5%
be
91%
be
91%
be
91%
be
91%
be
91%
be
91%
be
91%
be
91%
neighbor
90%
neighbor
90%
neighbor?
90%
neighbor?
90%
in
89.7%
in
89.7%
in
89.7%
you
89.5%
you
89.5%
you
89.5%
you
89.5%
you,
89.5%
you.
89.5%
you
89.5%
you
89.5%
you
89.5%
you
89.5%
% Correct
you
89.5%
you
89.5%
day
85.8%
day
85.8%
day
85.8%
day
85.8%
day,
85.8%
It's
85.6%
It's
85.6%
neighborhood
85.3%
neighborhood
85.3%
my
83.9%
my
83.9%
beautiful
82.7%
beautiful
82.7%
beautiful
82.7%
Won't
77.6%
Won't
77.6%
Won't
77.6%
won't
77.6%
for
68.9%
for
68.9%
mine?
66.7%
mine?
66.7%
mine?
66.7%
mine?
66.7%
mine?
66.7%
mine?
66.7%
this
64.3%
this
64.3%
this
64.3%
Would
63.8%
Would
63.8%
Would
63.8%
to
63.4%
% Correct
to
63.4%
Could
63.2%
Could
63.2%
Could
63.2%
like
52.4%
please,
48.9%
please,
48.9%
Please
48.9%
we
47.6%
just
47.3%
with
47.2%
have
45.6%
have
45.6%
So
43.2%
of
42.4%
live
41%
always
38.9%
always
38.9%
wanted
38.6%
wanted
38.6%
as
36.8%
I've
36.2%
say,
34.5%
let's
34.2%
make
33.4%
most
32.1%
well
31.2%
beautywood
30.9%
we're
30.6%
beauty.
29.8%
might
29.6%
together
28%
neighborly
27.4%
neighborly
27.4%
Since
25.5%

You're not logged in!

Compare scores with friends on all Sporcle quizzes.
OR
Log In

From the Vault

I'm Not Old!

by amazingjosh

You’re so old, the key on Ben Franklin’s kite was to your apartment.
Remove Ads.
Support Sporcle.
Get the best of Sporcle when you Go Orange. This ad-free experience offers more features, more stats, and more fun while also helping to support Sporcle. Thank you for becoming a member.

Show Comments

Extras

Top Quizzes Today


Score Distribution

Your Account Isn't Verified!

In order to create a playlist on Sporcle, you need to verify the email address you used during registration. Go to your Sporcle Settings to finish the process.

Report this User

Report this user for behavior that violates our Community Guidelines.

Details: